|
|
|
|
| LEADER |
00000nam2a2200000 4500 |
| 001 |
58297 |
| 005 |
20231101211724.0 |
| 035 |
|
|
|a (RuTPU)RU\TPU\book\61553
|
| 090 |
|
|
|a 58297
|
| 100 |
|
|
|a 20031127d1976 m y0rusy50 ca
|
| 101 |
0 |
|
|a rus
|
| 102 |
|
|
|a UA
|
| 105 |
|
|
|a a j 001zy
|
| 200 |
0 |
|
|a Ч. 1: Термодинамические процессы и теплообмен в конструкциях
|
| 210 |
|
|
|d 1976
|
| 215 |
|
|
|a 295 с.
|c ил.
|e схемы на 6 л.
|
| 320 |
|
|
|a Библиогр.: с. 293-295
|
| 461 |
|
1 |
|0 (RuTPU)RU\TPU\book\61544
|t Газовые турбины
|o Учебное пособие для втузов
|f Я. И. Шнеэ, В. М. Капинос, И. В. Котляр
|g под ред. Я. И. Шнеэ
|v Ч. 1: Термодинамические процессы и теплообмен в конструкциях
|e 2-е изд., перераб. и доп.
|d 1976-1977
|
| 606 |
1 |
|
|a Газовые турбины
|2 stltpush
|3 (RuTPU)RU\TPU\subj\4753
|9 32979
|
| 610 |
1 |
|
|a история
|
| 610 |
1 |
|
|a газотурбинные установки
|
| 610 |
1 |
|
|a циклы
|
| 610 |
1 |
|
|a тепловой расчет
|
| 610 |
1 |
|
|a теплообмен
|
| 610 |
1 |
|
|a конструкции
|
| 610 |
1 |
|
|a элементы
|
| 610 |
1 |
|
|a учебные пособия
|
| 675 |
|
|
|a 621.438(075.8)
|v 3
|
| 700 |
|
1 |
|a Шнеэ
|b Я. И.
|g Яков Исидорович
|
| 701 |
|
1 |
|a Капинос
|b В. М.
|g Василий Максимович
|
| 701 |
|
1 |
|a Котляр
|b И. В.
|g Иосиф Вениаминович
|
| 801 |
|
1 |
|a RU
|b 63413507
|c 20031127
|g PSBO
|
| 801 |
|
2 |
|a RU
|b 63413507
|c 20201028
|g PSBO
|
| 900 |
|
|
|a Термодинамика и тепломассообмен
|
| 900 |
|
|
|a Газотурбинные установки нефтегазопроводов
|
| 942 |
|
|
|c BK
|
| 952 |
|
|
|a 550000
|b 100800
|